[Event "Canadian Open"]
[Site "Ottawa CAN"]
[Date "2007.07.14"]
[Round "9"]
[White "Dougherty,M"]
[Black "Inigo,A"]
[Result "1/2-1/2"]
[WhiteElo "2211"]
[BlackElo "1852"]

1.d4 d5 2.c4 e6 3.Nf3 Nf6 4.g3 Be7 5.Bg2 O-O 6.O-O b6 7.Ne5 Bb7 8.Nc3 c5
9.Be3 cxd4 10.Bxd4 Nc6 11.Nxc6 Bxc6 12.Rc1 Rc8 13.cxd5 Nxd5 14.Nxd5 Bxd5
15.Rxc8 Qxc8 16.Bxd5 exd5 17.Qd2 Qf5 18.Rd1 Bf6 19.b3 Rd8 20.Qd3 Qxd3 21.Rxd3 Bxd4
22.Rxd4 Kf8 23.e4 Ke7 24.exd5 Kd6 25.Kg2 Ke5 26.Rh4 h6 27.Rg4 g6 28.Rf4 f5
29.Rh4 h5 30.Ra4 Rd7 31.Kf3 a5 32.Ke3 Rxd5 33.Rc4 Rd6 34.h4 Kf6 35.Rc8 Kf7
36.a3 Kf6 37.Rc7 Ke6 38.Rc4 Ke7 39.f3 Ke6 40.Kf4 Kf6 41.b4 b5 42.Rc5 axb4
43.Rxb5 bxa3  1/2-1/2

[Event "ch-Montenegro"]
[Site "Cetinje MNE"]
[Date "2007.07.19"]
[Round "8"]
[White "Blagojevic,Dr"]
[Black "Mijovic,S"]
[Result "1-0"]
[WhiteElo "2502"]
[BlackElo "2234"]

1.d4 d5 2.c4 e6 3.Nf3 Nf6 4.g3 Be7 5.Bg2 O-O 6.O-O Nbd7 7.Qc2 c6 8.b3 b6
9.Rd1 Bb7 10.Nc3 Rc8 11.e4 c5 12.exd5 exd5 13.Bb2 dxc4 14.d5 Ne8 15.Nb5 Nd6
16.Nxa7 Rc7 17.bxc4 Bxd5 18.Rxd5 Rxa7 19.Rad1 Qc7 20.Ng5 Bxg5 21.Rxg5 Ne8
22.Qf5 g6 23.Bh3 Qd8 24.Qf4 Qe7 25.Rgd5 Ndf6 26.Re5 Qc7 27.a3 Qc6 28.Ree1 Nh5
29.Qb8 Ra8 30.Qe5 Qf6 31.Qe2 Qg5 32.Bg2 Rc8 33.h4 Qh6 34.Bh3 Rb8 35.Qe5 Neg7
36.Bc1 g5 37.Rd6  1-0

[Event "Czech Open GMA"]
[Site "Pardubice CZE"]
[Date "2007.07.21"]
[Round "2"]
[White "Ramesa,D"]
[Black "Smerdon,D"]
[Result "0-1"]
[WhiteElo "2310"]
[BlackElo "2461"]

1.Nf3 Nf6 2.c4 e6 3.d4 d5 4.g3 Be7 5.Bg2 O-O 6.O-O dxc4 7.Nbd2 b5 8.a4 c6
9.Qc2 Nd5 10.Ne4 Na6 11.Bd2 Nab4 12.Qb1 a5 13.Rd1 Rb8 14.Nc5 bxa4 15.Ne5 Bxc5
16.dxc5 Qf6 17.Ng4 Qd4 18.Bf4 Nxf4 19.Rxd4 Nxe2+ 20.Kh1 Nxd4 21.Rxa4 Ba6
22.Ne5 Bb5 23.Rxa5 Nb3 24.Ra7 Ra8 25.Ra3 Nxc5 26.Nxc4 Bxc4 27.Qc1 Bd5 28.Qxc5 Nd3
29.Qb6 Rab8 30.Qe3 Nxb2 31.Bxd5 cxd5 32.Qd4 Rb7 33.Ra6 Nc4 34.h4 h5 35.Kg2 Rd7
36.Rc6 Nd6 37.Qd1 g6 38.g4 hxg4 39.Qxg4 Ne8 40.Qg5 Ng7 41.Kf1 Nh5 42.Qe5 Ra8
43.Rxe6 fxe6 44.Qxe6+ Rf7 45.Qxg6+ Ng7 46.h5 Ra1+ 47.Ke2 Re7+ 48.Kd3 Re6
49.Qg5 Kh7 50.f4 Rh1 51.f5 Rxh5 52.Qxh5+ Nxh5 53.fxe6 Kg7 54.Kd4 Nf6 55.Ke5 Kf8
56.Kxf6 d4 57.Ke5 d3  0-1

[Event "ch-MNE w"]
[Site "Cetinje MNE"]
[Date "2007.07.22"]
[Round "3"]
[White "Vojinovic,J"]
[Black "Mijovic,A"]
[Result "0-1"]
[WhiteElo "2217"]
[BlackElo "2163"]

1.d4 d5 2.Nf3 Nf6 3.c4 e6 4.g3 Be7 5.Bg2 O-O 6.O-O c6 7.Qc2 Nbd7 8.Rd1 b6
9.b3 Bb7 10.Nc3 Rc8 11.e4 c5 12.exd5 exd5 13.dxc5 Bxc5 14.Nd4 b5 15.Ndxb5 Ng4
16.Nd4 Qf6 17.Bxd5 Bxd4 18.Ne4 Qb6 19.Bxb7 Rc7 20.Rxd4 Qxd4 21.Bb2 Qb6 22.Bd5 Qh6
23.h4 Ndf6 24.Qe2 Nxd5 25.cxd5 f5 26.Ng5 Rfc8 27.Rd1 Rc2 28.Rd2 Rxd2 29.Qxd2 Qd6
30.Ne6 Nf6 31.Qg5 Qe7 32.Qxf5 Re8 33.Nxg7 Kxg7 34.Qg5+ Kf7 35.h5 Qe1+ 36.Kg2 Qe4+
37.Kh2 Ng4+ 38.Kg1 Qe1+ 39.Kg2 Qxf2+ 40.Kh3 Qf1+ 41.Kh4 Qh1+  0-1

[Event "ch-Gdansk"]
[Site "Gdansk POL"]
[Date "2007.07.22"]
[Round "1"]
[White "Cherepov,A"]
[Black "Khamidov,K"]
[Result "1-0"]
[WhiteElo "2249"]
[BlackElo "1863"]

1.d4 d5 2.c4 e6 3.Nf3 Be7 4.g3 Nf6 5.Bg2 O-O 6.O-O dxc4 7.Qc2 a6 8.Qxc4 b5
9.Qc2 Bb7 10.Bg5 Nbd7 11.Nbd2 Rc8 12.Bxf6 Nxf6 13.Nb3 Nd7 14.Ng5 Bxg5 15.Bxb7 Rb8
16.Na5 Qe8 17.Qc6 Bf6 18.Rad1 Bd8 19.Qxa6 c5 20.Nc6 h5 21.Nxb8 Nxb8 22.Qa7 Qe7
23.Qxb8 Bb6 24.Qe5 f5 25.dxc5 Bc7 26.Qc3 h4 27.Bc6 Qg5 28.Rd7 Bb8 29.Qe3 f4
30.Qxe6+ Kh8 31.Qe7 Qg4 32.Qxf8+  1-0

[Event "Sun Pawn Open"]
[Site "Ilichevsk UKR"]
[Date "2007.07.22"]
[Round "3"]
[White "Belosvetov,N"]
[Black "Kasharina,O"]
[Result "1-0"]
[WhiteElo "2325"]
[BlackElo "1975"]

1.d4 d5 2.c4 e6 3.Nf3 Be7 4.g3 Nf6 5.Bg2 O-O 6.O-O Nbd7 7.Qc2 c6 8.Rd1 Qc7
9.Nbd2 e5 10.cxd5 Nxd5 11.Nxe5 Nb4 12.Qc3 Nxe5 13.dxe5 Rd8 14.b3 Bf5 15.Bb2 Bg6
16.a3 Nc2 17.Ra2 Nd4 18.Re1 Nc2 19.Rc1 Nd4 20.Qe3 Nc2 21.Qf4 Qb6 22.b4 Nd4
23.Qe3 Ne6 24.Qxb6 axb6 25.Nc4 Bxb4 26.Nxb6 Ra6 27.Nc4 Be7 28.Bc3 Nd4 29.Rd2 Nb5
30.Rxd8+ Bxd8 31.Bb4 Bf5 32.Nd6 Nxa3 33.Nxb7 Bc7 34.Rxc6 Rxc6 35.Bxc6 Nc4
36.f4 Bb6+ 37.Bc5 Bxc5+ 38.Nxc5 Ne3 39.Bd7 Bxd7 40.Nxd7 h5 41.h3 Nd5 42.e4 Nc3
43.Nc5 h4 44.Kf2 hxg3+ 45.Kxg3 Kf8 46.f5 Ke7 47.Kf4 Ne2+ 48.Kg5 Nd4 49.Nd3 Nf3+
50.Kg4 Nd2 51.Kf4 Nc4 52.h4 Nb6 53.Nb4 Kd7 54.h5 Ke8 55.Nd5 Kf8 56.Nxb6 Ke7
57.Kg5 Ke8 58.h6 gxh6+ 59.Kxh6 Kf8 60.Nd5 Kg8 61.e6  1-0

[Event "29th Politiken Cup"]
[Site "Copenhagen DEN"]
[Date "2007.07.23"]
[Round "4"]
[White "Olsson,L"]
[Black "Nielsen,Bo1"]
[Result "1-0"]
[WhiteElo "2377"]
[BlackElo "2129"]

1.Nf3 d5 2.d4 e6 3.c4 Be7 4.g3 Nf6 5.Bg2 O-O 6.O-O dxc4 7.Qc2 a6 8.Qxc4 b5
9.Qc2 Bb7 10.Bd2 Be4 11.Qc1 Ra7 12.a3 Nbd7 13.Ba5 Qa8 14.Nc3 Bd5 15.Nxd5 exd5
16.Bb4 Bd6 17.Bxd6 cxd6 18.Qf4 Qc6 19.Rac1 Qb6 20.Bh3 Rd8 21.Rc2 Rc7 22.Rxc7 Qxc7
23.Rc1 Qb6 24.Rc2 Nb8 25.Nh4 h6 26.Nf5 Kf8 27.Nxh6 Nc6 28.Nf5 Ne7 29.Nxe7 Kxe7
30.Qe3+ Kf8 31.Qc3 Rb8 32.b4 Ng8 33.e3 Ne7 34.Qc7 g6 35.Qd7 Rd8 36.Qg4 f5
37.Qh4 Kf7 38.Qh7+ Kf6 39.g4 Rg8 40.Kf1 Qb8 41.Qh4+ Kf7 42.gxf5 gxf5 43.Qf4 Kf6
44.f3 Rg5 45.e4 Qb6 46.exf5 Nxf5 47.Bxf5 Rxf5 48.Qh4+ Kf7 49.Rc7+  1-0

[Event "ch-ITA U20"]
[Site "Fiuggi ITA"]
[Date "2007.07.23"]
[Round "6"]
[White "Bove,A"]
[Black "Bellemo,D"]
[Result "1-0"]
[WhiteElo "2173"]
[BlackElo "2067"]

1.d4 d5 2.Nf3 Nf6 3.c4 e6 4.g3 Be7 5.Bg2 O-O 6.O-O c5 7.cxd5 exd5 8.Nc3 Be6
9.a3 Nc6 10.dxc5 Bxc5 11.b4 Be7 12.Nd4 Re8 13.Nxc6 bxc6 14.Na4 Nd7 15.Be3 Nb6
16.Nc5 Bf6 17.Bd4 Bg4 18.Re1 Rc8 19.Ra2 Nc4 20.Qa1 Be5 21.Nd3 Bxd4 22.Qxd4 Bf5
23.Nc5 Nd6 24.Rc1 Nb5 25.Qf4 Be6 26.a4 Nd6 27.a5 Nc4 28.Rac2 Qc7 29.Qxc7 Rxc7
30.e4 Rcc8 31.Bf1 Nd6 32.Nxe6 fxe6 33.exd5 cxd5 34.Rxc8 Rxc8 35.Rxc8+ Nxc8
36.Ba6 Nd6 37.b5 Nc4 38.b6 Nxb6 39.axb6 axb6 40.f3 Kf7 41.Kf2 Ke7 42.Ke3 Kd6
43.f4 Kc5 44.Bc8  1-0

[Event "ch-Gdansk"]
[Site "Gdansk POL"]
[Date "2007.07.23"]
[Round "3"]
[White "Cherepov,A"]
[Black "Lubczynski,R"]
[Result "1/2-1/2"]
[WhiteElo "2249"]
[BlackElo "2368"]

1.d4 Nf6 2.c4 e6 3.g3 d5 4.Bg2 Be7 5.Nf3 O-O 6.O-O Nbd7 7.Qc2 c6 8.b3 b6
9.Rd1 Ba6 10.Nbd2 b5 11.c5 b4 12.e4 dxe4 13.Nxe4 Nd5 14.Ne5 Qc7 15.Bb2 f5
16.Nxd7 Qxd7 17.Nd2 Bf6 18.Nf3 Bb5 19.Ne5 Qc7 20.Qd2 a5 21.Re1 Rad8 22.Qc2 Ba6
23.Rad1 Rfe8 24.Qd2 Qe7 25.Bf3 g6 26.Bg2 Kg7  1/2-1/2

[Event "Siberia A"]
[Site "Novosibirsk RUS"]
[Date "2007.07.23"]
[Round "5"]
[White "Vekshenkov,N"]
[Black "Karpov,Alexa"]
[Result "0-1"]
[WhiteElo "2422"]
[BlackElo "2304"]

1.Nf3 d5 2.c4 e6 3.g3 Nf6 4.Bg2 Be7 5.d4 O-O 6.Qc2 a6 7.Nbd2 Nc6 8.O-O dxc4
9.Qxc4 Qd5 10.e3 Qh5 11.b3 Bd6 12.Bb2 Bd7 13.Rfe1 Nb4 14.e4 Bb5 15.Qc3 Nd3
16.Re3 Bb4 17.Qc2 Nxf2 18.Nc4 Nh3+ 19.Kh1 Ng4 20.Re2 Ng5 21.h4 Nxf3 22.Bxf3 f5
23.a4 Be8 24.Ne3 Nxe3 25.Rxe3 Qh6 26.Re2 fxe4 27.Bxe4 Bh5 28.Rg2 Bd6 29.Re1 Bg4
30.Qd3 Rab8 31.d5 e5 32.Bc1 Qh5 33.Re3 Rf7 34.Kh2 Rbf8 35.Bd2 Rf1 36.Re1 R1f2
37.Be3 Rxg2+ 38.Kxg2 Bf3+ 39.Kh2 Qg4 40.Bg1 Bxe4 41.Qxe4 Qxe4 42.Rxe4 Rf1
43.Rc4 Kf7 44.h5 Rb1 45.Bc5 Ke7 46.b4 Rf1 47.Rg4 Rf7 48.a5 Kd7 49.Kg2 c6
50.dxc6+ Kxc6 51.Bxd6 Kxd6 52.Rc4 Kd5 53.Rc8 e4 54.g4 h6 55.Kg3 Kd4 56.Re8 Kd3
57.g5 hxg5  0-1

[Event "11th Festival Open A"]
[Site "Senta SRB"]
[Date "2007.07.23"]
[Round "5"]
[White "Lajthajm,B"]
[Black "Ristic,Neb2"]
[Result "1-0"]
[WhiteElo "2511"]
[BlackElo "2346"]

1.d4 e6 2.c4 Nf6 3.Nf3 d5 4.g3 Be7 5.Bg2 O-O 6.O-O dxc4 7.Qc2 a6 8.Qxc4 b5
9.Qc2 Bb7 10.Bf4 Nbd7 11.Bxc7 Qc8 12.Nbd2 Ra7 13.Rfc1 Qa8 14.Qd1 a5 15.Qf1 Nd5
16.e4 N5f6 17.Qxb5 Bxe4 18.Nxe4 Qxe4 19.Ne5 Qf5 20.a4 Nxe5 21.dxe5 Ne4 22.Qe2 Ng5
23.g4 Qg6 24.h4 h5 25.hxg5 Bxg5 26.gxh5 Qf5 27.Rc3 Rc8 28.Bd6 Rxc3 29.bxc3 Bf4
30.c4 f6 31.c5 fxe5 32.c6 e4 33.Bxf4 Qxf4 34.Qxe4 Qf6 35.Re1 Rf7 36.Qe3 Qh4
37.Qc5 Rf5 38.Qe3 Rf7 39.Rc1 Qxh5 40.c7 Rxc7 41.Rxc7 Qd1+ 42.Bf1  1-0

[Event "29th Politiken Cup"]
[Site "Copenhagen DEN"]
[Date "2007.07.24"]
[Round "5"]
[White "Mamak,W"]
[Black "Kovachev,D"]
[Result "0-1"]
[WhiteElo "1985"]
[BlackElo "2153"]

1.d4 Nf6 2.c4 e6 3.Nf3 d5 4.g3 Be7 5.Bg2 O-O 6.Qc2 c5 7.cxd5 cxd4 8.Nxd4 Nxd5
9.Nc3 Nb4 10.Qd2 Qxd4 11.O-O N8c6 12.a3 Qxd2 13.Bxd2 Nd5 14.Nxd5 exd5 15.Bxd5 Rd8
16.e4 Be6 17.Bxc6 Rxd2 18.Bxb7 Rb8 19.Ba6 Rbxb2 20.Rac1 g6 21.Rc7 Bxa3 22.Bc8 Bd6
23.Rc6 Bxc8 24.Rxc8+ Kg7 25.h4 Bxg3  0-1

[Event "Czech Open GMA"]
[Site "Pardubice CZE"]
[Date "2007.07.24"]
[Round "5"]
[White "Adla,D"]
[Black "Malinovsky,K"]
[Result "1-0"]
[WhiteElo "2472"]
[BlackElo "2334"]

1.c4 e6 2.Nf3 Nf6 3.g3 d5 4.d4 Be7 5.Bg2 O-O 6.O-O dxc4 7.Qc2 a6 8.a4 Bd7
9.Qxc4 Bc6 10.Bg5 b6 11.Nc3 a5 12.Rfd1 Bb7 13.Ne5 Bxg2 14.Kxg2 Nfd7 15.Bxe7 Nxe5
16.Bxd8 Nxc4 17.Bxc7 Rc8 18.Nb5 Na6 19.b3 Nxc7 20.bxc4 Nxb5 21.cxb5 Rc4 22.d5 exd5
23.Rxd5 Kf8 24.e3 Ke7 25.Rad1 Ra7 26.R1d4 Rxd4 27.Rxd4 Rc7 28.g4 f6 29.h4 Rc2
30.Kg3 Rc1 31.Kf4 Rc2 32.f3 Rc3 33.g5 Rc5 34.e4 Rc3 35.Kg4 Rc1 36.f4 Rg1+
37.Kh5 g6+ 38.Kh6 Rg4 39.Kxh7 Rxh4+ 40.Kg8 f5 41.e5  1-0

[Event "8th GM"]
[Site "Banja Luka BIH"]
[Date "2007.07.25"]
[Round "4"]
[White "Ruck,R"]
[Black "Stojanovic,Mih"]
[Result "1/2-1/2"]
[WhiteElo "2563"]
[BlackElo "2601"]

1.Nf3 d5 2.d4 Nf6 3.c4 e6 4.g3 Be7 5.Bg2 O-O 6.O-O Nbd7 7.Qc2 c6 8.Nbd2 b6
9.e4 Ba6 10.Re1 Rc8 11.e5 Ne8 12.cxd5 cxd5 13.Qa4 Nc7 14.Bf1 Nb8 15.Bxa6 Ncxa6
16.a3 Qd7 17.Qxd7 Nxd7 18.Nf1 b5 19.Bd2 Nab8 20.Ne3  1/2-1/2

[Event "Quebec Open"]
[Site "Montreal CAN"]
[Date "2007.07.25"]
[Round "6"]
[White "Huzman,A"]
[Black "Rychagov,A"]
[Result "1/2-1/2"]
[WhiteElo "2601"]
[BlackElo "2557"]

1.d4 d5 2.c4 e6 3.Nf3 Nf6 4.g3 Be7 5.Bg2 O-O 6.O-O dxc4 7.Qc2 a6 8.Qxc4 b5
9.Qc2 Bb7 10.Bd2 Be4 11.Qc1 Qc8 12.Bg5 c5 13.Nbd2 Bb7 14.dxc5 Qxc5 15.Qxc5 Bxc5
16.Bxf6 gxf6 17.Nb3 Bb6 18.Rfd1 Ra7 19.Rac1 Bd5 20.Nfd2 Bxg2 21.Kxg2 Rd8
22.Ne4 Rxd1 23.Rxd1 f5 24.Nec5 Kg7 25.Rd6 Bc7 26.Rd2 Bb6  1/2-1/2

[Event "29th Politiken Cup"]
[Site "Copenhagen DEN"]
[Date "2007.07.27"]
[Round "8"]
[White "Brynell,S"]
[Black "Olsen,H"]
[Result "1/2-1/2"]
[WhiteElo "2459"]
[BlackElo "2350"]

1.d4 Nf6 2.c4 e6 3.g3 d5 4.Nf3 Be7 5.Bg2 O-O 6.O-O dxc4 7.Ne5 Nc6 8.Nxc6 bxc6
9.Qa4 Rb8 10.Nc3 c5 11.dxc5 Bxc5 12.Qxc4 Qd4 13.Qxd4 Bxd4 14.Rd1 c5 15.Ne4 Nxe4
16.Bxe4 Bxb2 17.Rb1 Be5 18.Rxb8 Bxb8 19.Ba3 Ba6 20.Bxc5 Rc8 21.Bd3 Rxc5 22.Bxa6 Bc7
23.Bd3  1/2-1/2

[Event "Najdorf Mem GpA"]
[Site "Grodzisk Mazowiecki POL"]
[Date "2007.07.27"]
[Round "8"]
[White "Adamski,J"]
[Black "Sliwerski,R"]
[Result "1-0"]
[WhiteElo "2354"]
[BlackElo "2139"]

1.Nf3 Nf6 2.c4 e6 3.g3 d5 4.Bg2 Be7 5.d4 O-O 6.Qc2 dxc4 7.Qxc4 Nc6 8.O-O Qd5
9.Qd3 Nb4 10.Qd1 c5 11.a3 Nc6 12.Nc3 Qd8 13.dxc5 Bxc5 14.b4 Qxd1 15.Rxd1 Be7
16.Bf4 a6 17.Ne5 Nxe5 18.Bxe5 a5 19.b5 Ne8 20.Na4 Bf6 21.Bxf6 Nxf6 22.Nb6 Rb8
23.Rac1 Nd5 24.Nxd5 exd5 25.Bxd5 Bd7 26.b6 Rfd8 27.Rc7 Be6 28.e4 g6 29.Rc5 Rd6
30.Rb1 Bxd5 31.exd5 Rbd8 32.Rxa5 Rxd5 33.Ra7 Rd1+ 34.Rxd1 Rxd1+ 35.Kg2 Ra1
36.g4 g5 37.Kf3 Rb1 38.Rxb7 Rb3+ 39.Ke4 Rxa3 40.Rd7 Rb3 41.b7 Kg7 42.Kd5 Rb2
43.Kc6  1-0

[Event "Quebec Open"]
[Site "Montreal CAN"]
[Date "2007.07.27"]
[Round "8"]
[White "Likavsky,T"]
[Black "Sandipan,C"]
[Result "1/2-1/2"]
[WhiteElo "2494"]
[BlackElo "2563"]

1.c4 e6 2.g3 d5 3.Bg2 Nf6 4.d4 Be7 5.Nf3 O-O 6.Qc2 c5 7.O-O cxd4 8.Nxd4 Nc6
9.Nxc6 bxc6 10.Rd1 Ba6 11.b3 Qb6 12.Be3 Bc5 13.Bxc5 Qxc5 14.Nd2 Ng4 15.e3 Ne5
16.Qc3 f6 17.b4 Qe7 18.b5 Bb7 19.bxc6 Bxc6 20.cxd5 Bxd5 21.Bxd5 exd5 22.Rac1 Rfd8
23.Kg2 Qd7 24.Nb3 Qa4 25.Qc2 Rac8 26.Qxc8 Qe4+ 27.Kf1 Qh1+ 28.Ke2 Qf3+ 29.Ke1 Rxc8
30.Rxc8+ Kf7 31.Nd4 Qg2 32.Rc7+ Kg6 33.Ne6 Qxh2 34.Rxg7+ Kh6 35.Rg8 Qh1+
36.Kd2 Qg2 37.Kc1 Ng6 38.Nf4 Nxf4 39.exf4 Qf3 40.Rd2 Qc3+ 41.Kd1 Qf3+ 42.Ke1  1/2-1/2

[Event "29th Politiken Cup"]
[Site "Copenhagen DEN"]
[Date "2007.07.28"]
[Round "9"]
[White "Thorfinnsson,Br"]
[Black "Thomassen,J"]
[Result "0-1"]
[WhiteElo "2389"]
[BlackElo "2075"]

1.d4 Nf6 2.Nf3 e6 3.c4 d5 4.g3 Be7 5.Bg2 O-O 6.O-O dxc4 7.Qa4 a6 8.Qxc4 b5
9.Qc2 Bb7 10.Bd2 Be4 11.Qc1 Qc8 12.Be3 Nbd7 13.Nbd2 Bd5 14.Nb3 Qb7 15.Rd1 a5
16.Nc5 Nxc5 17.dxc5 Rfd8 18.Rd2 b4 19.Qf1 Ne4 20.Rc2 b3 21.axb3 Bxb3 22.Rcc1 Bd5
23.Ne5 Qxb2 24.Nd3 Qb7 25.Rcb1 Qa6 26.Nb4 Qc4 27.Nxd5 exd5 28.Rc1 Qa6 29.Bd4 Bf6
30.Bxf6 Nxf6 31.Qd1 c6 32.e3 a4 33.Qd4 Qa5 34.Ra3 Rdb8 35.Rca1 Rb4 36.Qe5 Qxc5
37.h3 Nd7 38.Qc7 Nb6 39.Bf1 Nc4 40.Rc3 g6 41.h4 h5 42.Bd3 Ra7 43.Qd8+ Qf8
44.Qg5 Qg7 45.Rcc1 Ne5 46.Qd8+ Qf8 47.Qxf8+ Kxf8 48.Rc3 Nxd3 49.Rxd3 Ke7
50.Kf1 Kd6 51.Ra2 Kc5 52.Ke2 Kb5 53.Kd2 Rd7 54.Kc3 c5 55.Ra1 d4+ 56.Kc2 Kc4
57.Rda3 Ra7 58.R1a2 Kb5 59.Rd3 Rb3 60.Rxa4 Rxa4 61.Rxb3+ Kc4 62.Rb2 d3+ 63.Kd2 Ra1
64.Rb7 Ra2+ 65.Ke1 Kc3 66.Rb1 Re2+ 67.Kf1 Rb2 68.Ra1 Kd2 69.Ra4 Rb1+ 70.Kg2 Ke2  0-1

[Event "Sun Pawn Open"]
[Site "Ilichevsk UKR"]
[Date "2007.07.28"]
[Round "8"]
[White "Kornienko,S"]
[Black "Gordiyenko,A"]
[Result "1/2-1/2"]
[WhiteElo "2237"]
[BlackElo "2031"]

1.Nf3 d5 2.c4 e6 3.g3 Nf6 4.Bg2 Be7 5.d4 O-O 6.Qc2 b6 7.O-O Bb7 8.cxd5 exd5
9.Nc3 Nbd7 10.b3 c5 11.Bb2 Rc8 12.Rac1 c4 13.bxc4 Rxc4 14.Qd2 Bb4 15.Qd1 Qe7
16.Ne5 Nxe5 17.dxe5 Bxc3 18.Rxc3 Rxc3 19.Bxc3 Ne4 20.Bxe4 dxe4 21.Qd6 Qxd6
22.exd6 Ba6 23.Re1 Rd8 24.Bb4 f6 25.e3 Bc4 26.Rc1 b5 27.a4 a6 28.axb5 axb5
29.Ra1 Rd7 30.Kg2 Kf7 31.Ra8 Ke6 32.Re8+ Kd5 33.Kh3 Bd3 34.Kg4 g6 35.Kf4 Kc4
36.Re7 Rd8 37.Ba5 Rxd6 38.Rxh7 b4 39.Bxb4 Kxb4 40.Rh6 g5+ 41.Kf5 Kc3 42.Rxf6 Rxf6+
43.Kxf6 g4 44.Kf5 Kd2 45.Kxg4 Ke1  1/2-1/2

[Event "IMA"]
[Site "Dimitrov RUS"]
[Date "2007.07.29"]
[Round "15"]
[White "Shefer,A"]
[Black "Shalimov,V UKR"]
[Result "0-1"]
[WhiteElo "2075"]
[BlackElo "2435"]

1.d4 Nf6 2.c4 e6 3.g3 d5 4.Bg2 Be7 5.Nf3 O-O 6.O-O dxc4 7.Qc2 a6 8.Qxc4 b5
9.Qc2 Bb7 10.Bd2 Nbd7 11.Ba5 Bd6 12.Nbd2 Rc8 13.a3 Qe7 14.b4 Rfe8 15.Rac1 h6
16.Rfe1 Ba8 17.h3 g6 18.Kh2 Nh5 19.Ne4 Qf8 20.Qd3 f5 21.Nc5 Nxc5 22.dxc5 Be4
23.Qd4 Be7 24.Ne5 Bxg2 25.Kxg2 Bf6 26.f4 Qg7 27.Qe3 g5 28.Kh2 Kh8 29.Rg1 Bxe5
30.Qxe5 Qxe5 31.fxe5 f4 32.g4 Ng3 33.Rg2 Ne4 34.Rc2 Red8 35.Rg1 Nd2 36.Kg2 Nc4
37.Kf2 Rd5 38.c6 Kg7 39.Rc3 Nxe5 40.Rc5 Kf6 41.Rgc1 Ke7 42.Ke1 Kd6 43.R1c2 h5
44.gxh5 Rh8 45.Kf2 Rxh5 46.Kg2 Rh8 47.Rc1 Nc4 48.Rc3 Ne3+  0-1

[Event "Open Women Bulgarian Ch"]
[Site "Vratsa BUL"]
[Date "2007.07.29"]
[Round "6"]
[White "Voiska,M"]
[Black "Raeva,E"]
[Result "0-1"]
[WhiteElo "2314"]
[BlackElo "2215"]

1.d4 d5 2.c4 e6 3.g3 Nf6 4.Bg2 Be7 5.Nf3 c6 6.Qc2 Nbd7 7.O-O Ne4 8.Nc3 f5
9.b3 g5 10.Bb2 h5 11.Ne1 h4 12.Nxe4 dxe4 13.d5 e5 14.dxc6 bxc6 15.Bxe4 fxe4
16.Qxe4 Rh6 17.Nf3 hxg3 18.hxg3 Qc7 19.Rfd1 Bb7 20.Qg4 c5 21.e4 Qc6 22.Re1 Qe6
23.Nh2 O-O-O 24.f3 Qf6 25.Rad1 Bc6 26.Re2 Kb7 27.Red2 Nf8 28.Rxd8 Bxd8 29.Qf5 Qxf5
30.exf5 Bc7 31.Re1 Nd7 32.Ng4 Rh7 33.Kf2 Rf7 34.Ne3 Nf6 35.g4 Rh7 36.Nf1 Rh3
37.Re3 Kc8 38.Kg2 Rh6 39.Kf2 Rh3 40.Kg2 Rh7 41.Kf2 Re7 42.Ng3 Kd8 43.Ne2 Nd7
44.Nc3 Rh7 45.Kg1 Nf6 46.Ne2 Rh3 47.Kg2 Nxg4 48.Kxh3 Nxe3 49.Bc1 Bxf3 50.Bxe3 g4+
51.Kh4 Bxe2 52.Bxc5 Bb6 53.Bd6 Bd4 54.f6 Ke8 55.c5 Bf2+ 56.Kg5 g3 57.Kg6 Bh5+  0-1

[Event "94th ch-GBR"]
[Site "Great Yarmouth ENG"]
[Date "2007.07.30"]
[Round "1"]
[White "Posazhennikov,A"]
[Black "Aagaard,J"]
[Result "0-1"]
[WhiteElo "2247"]
[BlackElo "2467"]

1.d4 Nf6 2.c4 e6 3.g3 d5 4.Bg2 Be7 5.Nf3 O-O 6.O-O Nbd7 7.Qc2 c6 8.b3 b6
9.Nbd2 Ba6 10.Re1 Rc8 11.e4 c5 12.exd5 exd5 13.Ba3 Re8 14.cxd5 Nxd5 15.Qf5 Nc3
16.dxc5 Ne2+ 17.Kh1 Nxc5 18.Nc4 Bxc4 19.bxc4 Qd3 20.Qxd3 Nxd3 21.Rxe2 Bxa3
22.Rd2 Nb2 23.Ng5 h6 24.Ne4 Nxc4 25.Rd7 a5 26.h3 Bb4 27.g4 Ne5 28.Rd5 Rc2
29.a3 Bf8 30.a4 Ng6 31.Re1 Re6 32.Red1 Nf4 33.R5d4 Rb2 34.Ng3 Rxf2 35.R1d2 Rxd2
36.Rxd2 g6 37.h4 Re1+ 38.Kh2 Bc5 39.Ne4 Nxg2 40.Kxg2 Rxe4  0-1

[Event "ITT"]
[Site "Vicente Lopez ARG"]
[Date "2007.07.30"]
[Round "7"]
[White "Granara Barreto,S"]
[Black "Lopez Gonzalez,D"]
[Result "1/2-1/2"]
[WhiteElo "2242"]
[BlackElo "2184"]

1.d4 e6 2.Nf3 d5 3.c4 Nf6 4.g3 Be7 5.Bg2 O-O 6.O-O c6 7.Qc2 b6 8.b3 Bb7 9.Bb2 Nbd7
10.Nbd2 Rc8  1/2-1/2

[Event "Agentura 64 Cup IMB"]
[Site "Olomouc CZE"]
[Date "2007.08.02"]
[Round "2"]
[White "Baryshpolets,A"]
[Black "Kotan,L"]
[Result "1-0"]
[WhiteElo "2307"]
[BlackElo "2279"]

1.d4 d5 2.c4 e6 3.Nf3 Nf6 4.g3 Be7 5.Bg2 O-O 6.O-O dxc4 7.Qc2 a6 8.a4 Nbd7
9.Nbd2 Nb6 10.a5 Nbd5 11.Nxc4 b5 12.axb6 cxb6 13.Qb3 a5 14.Nfe5 Ba6 15.Nc6 Qc7
16.Nxe7+ Qxe7 17.Bd2 a4 18.Qd3 b5 19.Ne5 b4 20.Qf3 Bb7 21.Nd3 Rfb8 22.Nc5 Bc6
23.e4 Nc7 24.Rfc1 Nb5 25.Qe3 Rd8 26.Rc4 b3 27.Raxa4 e5 28.d5 Rxa4 29.Nxa4 Bd7
30.Bb4 Qe8 31.Nc5 Bc8 32.Nxb3 Ng4 33.Qe2 f5 34.Ba5 Nd6 35.Bxd8 Ba6 36.Bc7 Nxc4
37.exf5 Nf6 38.Nc5 Bb5 39.b3 Nd6 40.Qc2 Nf7 41.d6 h6 42.h3 Qc8 43.Ne4 Qxf5
44.Nxf6+ Qxf6 45.Qc5 Bd7 46.h4 Qf5 47.b4 g5 48.Qc4 gxh4 49.Qe4 hxg3 50.Qxf5 Bxf5
51.b5 gxf2+ 52.Kxf2 Bd3 53.b6 Ba6 54.d7 Kf8 55.Bd6+ Kg7 56.Bd5 Nd8 57.Be7  1-0

[Event "ch-ISL"]
[Site "Reykjavik ISL"]
[Date "2007.08.05"]
[Round "8"]
[White "Johannesson,I"]
[Black "Thorhallsson,T"]
[Result "1/2-1/2"]
[WhiteElo "2344"]
[BlackElo "2461"]

1.c4 e6 2.Nf3 d5 3.g3 Nf6 4.Bg2 Be7 5.d4 O-O 6.O-O dxc4 7.Qc2 a6 8.Qxc4 b5
9.Qc2 Bb7 10.Bd2 Be4 11.Qc1 Nbd7 12.Ba5 Ra7 13.Nbd2 Ba8 14.Qc2 Nb8 15.Nb3 Be4
16.Qd2 Nc6 17.Rfc1 Nxa5 18.Nxa5 c5 19.Ne5 Bxg2 20.Kxg2 Qd5+ 21.f3 cxd4 22.Nac6 Rc7
23.Qxd4 Bd6 24.Qxd5 Nxd5 25.Nd3 Ne3+ 26.Kg1 Rfc8 27.Na5 Nc2 28.Rab1 Nd4 29.Kf1 Nc2
30.Nb3 Ne3+ 31.Kf2 Nc4 32.Rc2 e5 33.e4 a5 34.Nd2 Kf8 35.b3 Nxd2 36.Rxd2 f6
37.Ke2 Ke7 38.Rbd1 Ba3 39.Ne1 Ke6 40.Rd5 Rb7 41.R1d2 a4 42.f4 exf4 43.gxf4 axb3
44.axb3 Rc3 45.R2d3 Rc1 46.Nf3 Bb2  1/2-1/2

[Event "HZ Open"]
[Site "Vlissingen NED"]
[Date "2007.08.05"]
[Round "3"]
[White "Romanishin,O"]
[Black "Dek,L"]
[Result "1-0"]
[WhiteElo "2546"]
[BlackElo "2207"]

1.d4 d5 2.Nf3 e6 3.g3 Be7 4.Bg2 Nf6 5.c4 O-O 6.O-O dxc4 7.Qc2 a6 8.a4 Bd7
9.Qxc4 Bc6 10.Bg5 h6 11.Bxf6 Bxf6 12.Nc3 Bd5 13.Nxd5 exd5 14.Qb3 Nc6 15.Qxb7 Nxd4
16.Nxd4 Bxd4 17.Rad1 Qf6 18.Bxd5 Rab8 19.Qxc7 Rfc8 20.Qxf7+ Qxf7 21.Bxf7+ Kxf7
22.Rxd4 Rxb2 23.e3  1-0

[Event "Tsiolkovsky Mem"]
[Site "Kaluga RUS"]
[Date "2007.08.07"]
[Round "5"]
[White "Dmitriev,Ig"]
[Black "Yurchenkov,Y"]
[Result "1-0"]
[WhiteElo "2310"]
[BlackElo "2046"]

1.d4 Nf6 2.g3 e6 3.Bg2 d5 4.Nf3 Be7 5.c4 c6 6.O-O O-O 7.Qc2 Nbd7 8.Nbd2 b6
9.e4 Bb7 10.e5 Nh5 11.cxd5 cxd5 12.Re1 g6 13.Nf1 Rc8 14.Qd3 Qc7 15.Bh6 Ng7
16.Ne3 Qc6 17.Bg5 Bxg5 18.Nxg5 f6 19.exf6 Nxf6 20.Qa3 a6 21.Rad1 b5 22.h3 Qb6
23.Ng4 Nxg4 24.hxg4 Rc2 25.Nf3 Qc7 26.Re3 a5 27.Rc3 Rxc3 28.bxc3 Rc8 29.Rd3 Ba6
30.Re3 Qb6 31.Qe7 Re8 32.Qg5 b4 33.Qh6 bxc3 34.Rxc3 Re7 35.Ng5 Ne8 36.Rf3 Rg7
37.Nxh7 Qd6 38.Rf8+ Qxf8 39.Nxf8 Kxf8 40.Qd2 Rc7 41.Qxa5 Be2 42.Bf3 Bxf3
43.Qa3+ Kg7 44.Qxf3 Rc4 45.Qe3 Kf7 46.g5 Nd6 47.Qf4+ Ke7 48.Qf6+ Kd7 49.Qxg6 Nf5
50.Qf7+  1-0

[Event "12th WY U16 Ol"]
[Site "Singapore SIN"]
[Date "2007.08.07"]
[Round "4"]
[White "Tanaka,C"]
[Black "Rajapaksha,RMCM"]
[Result "1-0"]
[WhiteElo "2114"]
[BlackElo "2148"]

1.d4 Nf6 2.c4 e6 3.g3 Be7 4.Bg2 d5 5.Nf3 O-O 6.O-O Nbd7 7.Qc2 Ne4 8.Rd1 c6
9.b3 Qe8 10.Bb2 f5 11.Ne5 Ndf6 12.f3 Nd6 13.Nc3 Nf7 14.Kh1 Nxe5 15.dxe5 Nh5
16.e3 g5 17.Ne2 a5 18.c5 Ng7 19.Bd4 Qh5 20.Kg1 Bd7 21.Kf2 g4 22.Nf4 Qf7 23.Rh1 gxf3
24.Bxf3 Bg5 25.h4 Bh6 26.Rag1 Kh8 27.Kf1 Rg8 28.h5 Ne8 29.Bc3 Nc7 30.a4 Rg5
31.Rh3 Rg7 32.Rgh1 Bxf4 33.gxf4 h6 34.Be1 Qe7 35.Bh4 Qf7 36.Bf6 Ne8 37.Bxg7+ Nxg7
38.Qg2 Qe7 39.Qg6 Qxc5 40.Qxh6+ Kg8 41.Rg3  1-0

[Event "HZ Open"]
[Site "Vlissingen NED"]
[Date "2007.08.10"]
[Round "8"]
[White "Gryson,W"]
[Black "Beuman,T"]
[Result "0-1"]
[WhiteElo "2030"]
[BlackElo "2185"]

1.d4 Nf6 2.c4 e6 3.g3 d5 4.Nf3 Be7 5.Bg2 O-O 6.O-O dxc4 7.Qc2 a6 8.Qxc4 b5
9.Qc2 Bb7 10.Bd2 Be4 11.Qb3 c5 12.dxc5 Bxc5 13.Nc3 Bb7 14.Qc2 Nbd7 15.e4 b4
16.e5 bxc3 17.exf6 Bxf3 18.fxg7 Re8 19.Bxf3 cxd2 20.Bxa8 Qxa8 21.Qxd2 Ne5
22.Qc3 Bd4 23.Qb4  0-1

[Event "Open"]
[Site "Callao PER"]
[Date "2007.08.11"]
[Round "4"]
[White "Condori,E"]
[Black "Cabrera Huaman,A"]
[Result "0-1"]
[WhiteElo "2207"]
[BlackElo "2268"]

1.d4 Nf6 2.c4 e6 3.g3 d5 4.Nf3 Be7 5.Bg2 O-O 6.O-O c6 7.Qc2 Nbd7 8.Nbd2 b6
9.e4 Bb7 10.Rd1 Rc8 11.b3 Rc7 12.Bb2 Qb8 13.Ne5 Rfc8 14.Rac1 Nf8 15.Qd3 Ba6
16.Qf3 Ng6 17.h4 Bb7 18.Ng4 Nf8 19.Ne5 Bb4 20.Bc3 Bxc3 21.Qxc3 c5 22.exd5 exd5
23.dxc5 Rxc5 24.Nd3 R5c7 25.Qb2 d4 26.Nf3 Rd8 27.Nde5 Re7 28.Rxd4 Rde8 29.Ng4 Nxg4
30.Rxg4 f5 31.Rd4 Ne6 32.Rd2 f4 33.Qe5 Qa8 34.Ne1 Nc5 35.Qa1 fxg3 36.fxg3 Qb8  0-1